00398nam a2200121 a 450000100100000000500170001000800410002704000250006824500440009326000900013730000200022770000290024700002968520260305073951.0110425s1980 dr 000 0 spa d aDO-SdBNPbspacBNPHU00aInforme anual 1980/ :bFrank Moya Pons. aSanto Domingo :bSociedad Dominicana de BibliófilosfEditora Amigo del Hogarc1980. a35 p. ;c22 cm.1 aMoya Pons, Frank,d1944-